| 000 | 01307cam a2200313 a 4500 | ||
|---|---|---|---|
| 999 |
_c529109 _d529109 |
||
| 001 | 2052112 | ||
| 005 | 20190919184029.0 | ||
| 008 | 930819s1994 maua 001 0 eng | ||
| 010 | _a 93035389 | ||
| 020 |
_a0534936245 : _c$55.00 |
||
| 040 |
_aDLC _cDLC _dDLC |
||
| 050 | 0 | 0 |
_aQA303 _b.S94 1994 |
| 082 | 0 | 0 |
_a515/.15 _220 _bSWO |
| 100 | 1 |
_aSwokowski, Earl William, _d1926- _959 |
|
| 245 | 1 | 0 |
_aCalculus / _cEarl W. Swokowski, Michael Olinick, Dennis Pence ; with the assistance of Jeffery A. Cole. |
| 250 | _a6th ed. | ||
| 260 |
_aIslamabad : _bNational Book Foundation, _cc1994. |
||
| 300 |
_axxiv, 1279, 104 p. : _bill. (some col.) ; _c26 cm. |
||
| 500 | _aIncludes index. | ||
| 650 | 0 |
_aCalculus. _956 |
|
| 700 | 1 |
_aOlinick, Michael. _920962 |
|
| 700 | 1 |
_aPence, Dennis. _920963 |
|
| 856 | 4 | 1 |
_3Table of contents only _uhttp://www.loc.gov/catdir/enhancements/fy1505/93035389-t.html |
| 856 | 4 | 2 |
_3Publisher description _uhttp://www.loc.gov/catdir/enhancements/fy1505/93035389-d.html |
| 856 | 4 | 2 |
_3Contributor biographical information _uhttp://www.loc.gov/catdir/enhancements/fy1505/93035389-b.html |
| 906 |
_a7 _bcbc _corignew _d1 _eocip _f19 _gy-gencatlg |
||
| 942 |
_2ddc _cBK |
||